000 00284nam a22001337a 4500
020 _a978-0-552-15989-0
082 _a823
_bLEW/W
100 _aLEVIEN,DAVID
245 _aWHERE THE DEAD LAY
260 _aLONDON
_bCORGI BOOKS
300 _a428
650 _aNOVEL
_zLONDON
942 _cBK
999 _c2439
_d2439